Uomini uomini uomini /

Salvato in:
Dettagli Bibliografici
Altri autori: De Sica, Christian (Direttore, Esecutore), Gullotta, Leo (Esecutore), Haber, Alessandro (Esecutore), Ghini, Massimo (Esecutore)
Natura: Videodisco
Lingua:italiano
Pubblicazione: 1 videocassetta (VHS) (ca. 88 min.) : color., son.((Tit. del contenitore
Edizione:[Roma] : Filmauro [distributore]
Tags: Aggiungi Tag
Nessun Tag, puoi essere il primo ad aggiungerne!!

MARC

LEADER 00000ngm a22000007i 4500
001 IT\ICCU\CAG\1137669
003 ItRI
005 20260124182806.0
008 060509s1995 it |||||||||||||||k|||||c
028 4 2 |a 8016024011  |b 24 
040 |b ita 
041 7 |a ita  |2 ISO-639-2 
100 1 |a De Sica, Christian  |0 IT\ICCU\RAVV\316658  |4 drt 
240 1 0 |a Uomini uomini uomini <film ; 1995>  |3 IT\ICCU\CAG\1137679 
245 1 0 |a Uomini uomini uomini /  |c un film di Christian De Sica. 
250 |a [Roma] : Filmauro [distributore] 
260 |a 1 videocassetta (VHS) (ca. 88 min.) :  |b color., son.((Tit. del contenitore 
300 |a Film del 1995, Italia; interpreti: Christian De Sica, Massimo Ghini, Leo Gullotta, Alessandro Haber. 
700 1 |a Gullotta, Leo  |0 IT\ICCU\BVEV\058172  |4 prf 
700 1 |a Haber, Alessandro  |0 IT\ICCU\RAVV\089957  |4 prf 
700 1 |a Ghini, Massimo  |0 IT\ICCU\RAVV\104285  |4 prf 
700 1 |a De Sica, Christian  |0 IT\ICCU\RAVV\316658  |4 prf 
790 1 |a Gullotta, Salvatore  |3 IT\ICCU\SBNV\065797  |z Gullotta, Leo 
942 |2 ddc  |c VM  |n 0 
952 |0 0  |1 0  |4 0  |6 VO_536_000000000000000  |7 0  |9 26327  |a BO  |b BO  |d 2026-01-24  |i 7113  |l 0  |o VO 536  |p BO7113  |r 2026-01-24 18:28:06  |w 2026-01-24  |x [Sebina 5] [1 videocassetta]  |y VM  |z 1 videocassetta 
999 |c 22246  |d 22246